[Event "SVK-chT1W 1516"]
[Site "Slovakia"]
[Date "2015.10.24"]
[Round "1.3"]
[White "Orgon, Dusan"]
[Black "Hoppan, Igor"]
[Result "1-0"]
[WhiteElo "2028"]
[BlackElo "1587"]
[PlyCount "53"]
[EventDate "2015.10.24"]
[EventType "team-tourn"]
[EventRounds "11"]
[EventCountry "SVK"]
[SourceTitle "CBM 170 Extra"]
[Source "ChessBase"]
[SourceDate "2016.02.25"]
[SourceVersion "1"]
[SourceVersionDate "2016.02.25"]
[SourceQuality "1"]
[WhiteTeam "Dubnica nad Vahom"]
[BlackTeam "Prievidza"]
[WhiteTeamCountry "SVK"]
[BlackTeamCountry "SVK"]

1. d4 Nf6 2. Nf3 d5 3. Bg5 Nc6 4. e3 e6 5. c4 Bb4+ 6. Nc3 0-0 7. Qc2 h6 8. Bh4 Be7 9. a3 dxc4 10. Bxc4 Nd5 11. Bg3 b6 12. Nxd5 exd5 13. Bb5 Nxd4 14. exd4 Bd6 15. 0-0 Qf6 16. Bxd6 Qxd6 17. Qc6 Rb8 18. Qxd6 cxd6 19. Rac1 Bg4 20. Bc6 Be6 21. Rc3 Rbc8 22. Rfc1 Kh7 23. h3 f6 24. Ba4 Rc4 25. Bb3 Rxc3 26. Rxc3 Rf7 27. Re3 1-0

[Event "SVK-chT3B2 1415"]
[Site "Slovakia"]
[Date "2015.04.26"]
[Round "9.2"]
[White "Hoferik, Stefan"]
[Black "Hoppan, Igor"]
[Result "1-0"]
[WhiteElo "1851"]
[BlackElo "1628"]
[PlyCount "53"]
[EventDate "2014.10.05"]
[EventType "team-tourn"]
[EventRounds "14"]
[EventCountry "SVK"]
[SourceTitle "EXT 2019"]
[Source "ChessBase"]
[SourceDate "2018.10.10"]
[SourceVersion "1"]
[SourceVersionDate "2018.10.10"]
[SourceQuality "1"]

1. d4 Nf6 2. c4 d5 3. Nc3 e6 4. Bg5 Be7 5. Nf3 Ne4 6. Bxe7 Qxe7 7. Qc2 Qb4 8. c5 Nc6 9. e3 0-0 10. Bd3 Nxc3 11. bxc3 Qa5 12. Bxh7+ Kh8 13. Bd3 e5 14. Be2 Bg4 15. Ng5 Bf5 16. Bd3 e4 17. Be2 f6 18. Nh3 Bxh3 19. gxh3 b5 20. 0-0 b4 21. c4 dxc4 22. Bxc4 Rfe8 23. Bd5 Qb5 24. Bxe4 a5 25. Bd5 Rad8 26. Bc4 Qb7 27. Qg6 1-0

[Event "SVK-chT3B2 1213"]
[Site "Slovakia"]
[Date "2012.11.11"]
[Round "2.7"]
[White "Hoppan, Igor"]
[Black "Vitek, Frantisek"]
[Result "0-1"]
[WhiteElo "1638"]
[BlackElo "1800"]
[PlyCount "74"]
[EventDate "2012.10.28"]
[EventType "team-tourn"]
[EventRounds "14"]
[EventCountry "SVK"]
[SourceTitle "EXT 2022"]
[Source "ChessBase"]
[SourceDate "2021.10.06"]
[SourceVersion "1"]
[SourceVersionDate "2021.10.06"]
[SourceQuality "1"]
[WhiteTeam "Prievidza SK III"]
[BlackTeam "Povazska Bystrica II"]
[WhiteTeamCountry "SVK"]
[BlackTeamCountry "SVK"]

1. e4 c5 2. Nf3 d6 3. d4 cxd4 4. Nxd4 Nf6 5. Nc3 a6 6. h3 Qc7 7. Bd3 Nbd7 8. 0-0 Nc5 9. Re1 Nxd3 10. Qxd3 e6 11. Nf3 Be7 12. e5 dxe5 13. Nxe5 0-0 14. Bf4 Rd8 15. Qf3 Bd6 16. Rad1 Ne8 17. Ne4 Bxe5 18. Rxd8 Qxd8 19. Bxe5 Qd5 20. Rd1 Qa5 21. Nd6 Nxd6 22. Rxd6 Qe1+ 23. Kh2 Qxe5+ 24. Qg3 Qxg3+ 25. Kxg3 Kf8 26. Rd8+ Ke7 27. Rh8 g6 28. Rxh7 Bd7 29. Rh4 Bc6 30. f3 Rd8 31. Rc4 Rd1 32. Rc3 Rd2 33. h4 f5 34. Kh3 Kf6 35. a3 e5 36. g4 f4 37. Rc4 Rf2 0-1